zpět

Detail výsledku týmu

Rockle Klub, České Budějovice

Datum a čas kvízu

24.5 Celkem bodů Celkový počet nahraných bodů na tomto kvízu bez doplňovacích otázek.
10. Pořadí na kvízu Konečné umístění týmu na tomto kvízu.

Zaznamenané odpovědi

# Otázka Odpověď Body Výsledky
1. Nově zvolený prezident Pavel z... Hrzánský palác 0
2. Ve věku 79 let zemřel v neděli... Pákistán 0
3. Takovou party ještě strašnické... Petr Hošek 0
4. Zhruba stovka lidí pracujících... Wolt 0
5. Ve čtvrtek měl premiéru další... Zlatan Ibrahimović, Tomáš Ujfaluši 0
6. Nyní se zaměříme na umělce a j... Josef Toufar 0
7. Postava francouzského malíře P... B) šimpanz 0
8. Za kontroverzní byla považován... Jackson Pollock 0
9. Slavný italský umělec Maurizio... o banán 1
10. V poslední otázce se vrátíme k... Entropa 0